000 00497nam a2200181Ia 4500
003 GCL
008 140319s9999 xx 000 0 eng d
040 _aGCL /
_cGCL
082 0 4 _a613.71
_bD B
100 1 _aDOUILLARD, JOHN
245 1 0 _aBODY, MIND AND SPORT : THE MIND-BODY GUIDE TO LIFELONG FITNESS AND YOUR PERSONAL BEST /
_cDOUILLARD, JOHN
260 _a[S.N] :
_bBANTAM BOOKS ،
_c1994
300 _a250
650 0 4 _aFITNESS
650 0 4 _aSPORTS
650 0 4 _aHEALTH
942 _2ddc
_cBK
999 _c25410
_d25410